De quels pays sont les champions olympiques 2024 ? - Badminton - Statistiques

Statistiques générales
  • Ce quiz a été pris 47 fois
  • Le résultat moyen est 4 sur 5
Statistiques - réponses
Épreuve Athlète(s) Nation % Correct
Simple hommes Viktor Axelsen Danemark
100%
Simple dames An Se-young Corée du Sud
98%
Double dames Chen QIngchen, Jia Yifan Chine
87%
Double mixte Zheng Siwei, Huang Yaqiong Chine
82%
Double hommes Lee Yang, Wang Chi-lin Taïwan
73%
Aucun quiz correspondant
Distribution des résultats
% des personnes avec chaque résultat
Percentile par nombre de réponses
Votre historique - résultats
Vous n’avez pas pris ce quiz